000 00471cam a2200157 4500500
005 20251012032442.0
041 _afre
042 _adc
100 1 0 _aJiménez, Juan Ramón
_eauthor
700 1 0 _a Sesé, Bernard
_eauthor
245 0 0 _aOh tiempo, dame tu secreto
260 _c1999.
500 _a79
786 0 _nSigila | 4 | 2 | 1999-12-20 | p. 184-186 | 1286-1715
856 4 1 _uhttps://shs.cairn.info/revue-sigila-1999-2-page-184?lang=fr&redirect-ssocas=7080
999 _c1547314
_d1547314